[Event "XV Konik Morski Rewala - Open B"]
[Site "Rewal"]
[Date "2010.08.22"]
[Round "3.18"]
[White "Gorol, Jacek"]
[Black "Ziebinski, Bartosz"]
[Result "1/2-1/2"]
[WhiteElo "1684"]
[BlackElo "1954"]
[PlyCount "81"]
[EventDate "2010.??.??"]

1. c4 e5 2. Nc3 Nc6 3. g3 g6 4. Bg2 Bg7 5. e3 d6 6. Nge2 Be6 7. d3 Qd7 8. h4 h6
9. Qa4 Nd8 10. Qb3 c6 11. d4 exd4 12. exd4 Bf5 13. Be3 Nf6 14. Rd1 O-O 15. O-O
Bh3 16. Nf4 Bxg2 17. Kxg2 Ne6 18. f3 Rfd8 19. Nxe6 fxe6 20. Qc2 Qf7 21. Ne4 Ne8
22. Qc1 d5 23. Nf2 h5 24. Bg5 Rdc8 25. g4 c5 26. dxc5 Rxc5 27. b3 Nd6 28. Nd3
Rc6 29. c5 Nb5 30. Nb4 Rcc8 31. Nd3 Nc3 32. Rd2 d4 33. Qe1 Qe8 34. Bf4 hxg4 35.
fxg4 Qc6+ 36. Kh3 Qd5 37. Bd6 Qe4 38. Qxe4 Nxe4 39. Re2 Nxd6 40. cxd6 Rc3 41.
Rf3 1/2-1/2

[Event "XV Konik Morski Rewala - Open B"]
[Site "Rewal"]
[Date "2010.08.21"]
[Round "3.20"]
[White "Jacel, Lukasz"]
[Black "Grabowski, Jan"]
[Result "1-0"]
[WhiteElo "1927"]
[BlackElo "1807"]
[PlyCount "69"]
[EventDate "2010.??.??"]

1. e4 e6 2. Nc3 d5 3. d4 Nf6 4. Bg5 Be7 5. e5 Nfd7 6. Bxe7 Qxe7 7. f4 O-O 8.
Nf3 c5 9. dxc5 Nxc5 10. Bd3 f6 11. O-O Nc6 12. exf6 Qxf6 13. g3 Bd7 14. Qe2 Nd4
15. Nxd4 Qxd4+ 16. Qf2 Qb4 17. a3 Qa5 18. Be2 Qc7 19. Bf3 Qd6 20. Qd4 Bc6 21.
Rae1 Na6 22. Ne4 Qd7 23. Ng5 Nc7 24. Bg4 Rf6 25. Re3 h6 26. Nf3 Nb5 27. Qd2 Nd6
28. Ne5 Qe7 29. Qb4 Bb5 30. Rfe1 a5 31. Qd4 Rc8 32. c3 Kh7 33. h4 Ne4 34. Kg2
Qd6 35. Rxe4 1-0

[Event "XV Konik Morski Rewala - Open B"]
[Site "Rewal"]
[Date "2010.08.21"]
[Round "3.21"]
[White "Nowak, Ryszard"]
[Black "Strumilo, Slawomir"]
[Result "1-0"]
[WhiteElo "2091"]
[BlackElo "1821"]
[PlyCount "93"]
[EventDate "2010.??.??"]

1. c4 Nf6 2. Nc3 d5 3. cxd5 Nxd5 4. g3 g6 5. Bg2 Nxc3 6. bxc3 Bg7 7. Rb1 Nd7 8.
Nf3 O-O 9. O-O Nb6 10. Qc2 Qd7 11. d3 Rd8 12. c4 Qe8 13. Bb2 e5 14. Ba1 c5 15.
Nd2 Rb8 16. Ne4 Qe7 17. a4 Nd7 18. Nc3 b6 19. a5 bxa5 20. Qa4 Nb6 21. Qxa5 Bf5
22. Rb5 Rbc8 23. Nd5 Nxd5 24. Bxd5 h5 25. Rb7 Rd7 26. Rfb1 Rcc7 27. Qxa7 Kh7
28. Rxc7 Rxc7 29. Rb7 Rxb7 30. Qxb7 Qxb7 31. Bxb7 Be6 32. Bd5 Kg8 33. Bxe6 fxe6
34. f4 exf4 35. Bxg7 Kxg7 36. gxf4 e5 37. Kf2 Kf6 38. fxe5+ Kxe5 39. e3 g5 40.
Kg3 Kf5 41. d4 cxd4 42. exd4 Ke4 43. c5 Kd5 44. Kf3 Kc6 45. Ke4 g4 46. Kf4 Kd5
47. Kg5 1-0

[Event "XV Konik Morski Rewala - Open B"]
[Site "Rewal"]
[Date "2010.08.21"]
[Round "3.22"]
[White "Janus, Przemyslaw"]
[Black "Korcz, Daniel"]
[Result "1/2-1/2"]
[WhiteElo "2085"]
[BlackElo "1804"]
[PlyCount "141"]
[EventDate "2010.??.??"]

1. d4 d5 2. c4 c6 3. Nf3 Nf6 4. Qc2 e6 5. Nbd2 Bd6 6. g3 Nbd7 7. Bg2 O-O 8. O-O
Re8 9. e4 Nxe4 10. Nxe4 dxe4 11. Qxe4 c5 12. Be3 Nf6 13. Qc2 cxd4 14. Bxd4 e5
15. Bc3 Qc7 16. b3 Rb8 17. Rfe1 b5 18. Nd2 b4 19. Bb2 Bb7 20. Ne4 Nxe4 21. Bxe4
Bxe4 22. Qxe4 f6 23. Red1 Bc5 24. Rd5 Qb6 25. Kg2 Rbd8 26. Rad1 Qc6 27. f3 Rxd5
28. Qxd5+ Qxd5 29. Rxd5 Bb6 30. Bc1 Rd8 31. Rxd8+ Bxd8 32. f4 e4 33. Be3 a5 34.
f5 g6 35. g4 h5 36. fxg6 hxg4 37. Kg3 Kg7 38. Kf4 Kxg6 39. Kxe4 f5+ 40. Kd5 Bc7
41. Bg1 f4 42. Kc6 Be5 43. Kd5 Bc7 44. Kc6 Be5 45. Kd5 Kf5 46. c5 f3 47. c6 Bc7
48. Bc5 Bxh2 49. Bd6 Bxd6 50. Kxd6 f2 51. c7 f1=Q 52. c8=Q+ Kg5 53. Qg8+ Kh4
54. Qh7+ Kg3 55. Kc5 Kg2 56. Kb6 Qf2+ 57. Kxa5 Qxa2+ 58. Kxb4 g3 59. Qe4+ Kg1
60. Qe1+ Kh2 61. Qe5 Qd2+ 62. Ka4 Qf2 63. b4 Kg1 64. Qa1+ Qf1 65. Qd4+ Qf2 66.
Qa1+ Kg2 67. Qe5 Kf1 68. Qa1+ Qe1 69. Qf6+ Kg1 70. Qd4+ Kf1 71. Qd3+ 1/2-1/2

[Event "XV Konik Morski Rewala - Open B"]
[Site "Rewal"]
[Date "2010.08.21"]
[Round "3.23"]
[White "Paszewski, Mateusz"]
[Black "Tobolski, Jakub"]
[Result "0-1"]
[WhiteElo "1781"]
[BlackElo "2073"]
[PlyCount "78"]
[EventDate "2010.??.??"]

1. e4 e5 2. Nf3 Nc6 3. Bc4 Nf6 4. d4 exd4 5. e5 d5 6. Bb5 Ne4 7. Nxd4 Bc5 8.
O-O Bd7 9. Bxc6 bxc6 10. f3 Ng5 11. f4 Ne4 12. Be3 Bb6 13. Nd2 Nxd2 14. Qxd2 c5
15. Nf3 Bc6 16. f5 Qd7 17. Bg5 Qxf5 18. Nd4 Qg6 19. Nf5 Kd7 20. Ne7 Qe6 21.
Rae1 Rae8 22. Nf5 Rhg8 23. Nxg7 Rxg7 24. Rf6 Qg4 25. Bh6 Reg8 26. Bxg7 Rxg7 27.
Rxf7+ Rxf7 28. e6+ Qxe6 29. Rxe6 c4+ 30. Re3 Re7 31. Kf1 Bxe3 32. Qe2 Kc8 33.
h4 a6 34. c3 Bb5 35. Qd1 d4 36. a4 Rf7+ 37. Ke2 Bd7 38. Qb1 Bg4+ 39. Ke1 d3 0-1

[Event "XV Konik Morski Rewala - Open B"]
[Site "Rewal"]
[Date "2010.08.21"]
[Round "3.24"]
[White "Weglarz, Joanna"]
[Black "Mostowski, Boguslaw"]
[Result "1-0"]
[WhiteElo "2037"]
[BlackElo "1779"]
[PlyCount "75"]
[EventDate "2010.??.??"]

1. e4 c5 2. Nf3 d6 3. d4 cxd4 4. Nxd4 Nf6 5. Bd3 a6 6. c4 Qc7 7. Nc3 Nc6 8.
Nde2 e6 9. O-O Bd7 10. Bg5 Be7 11. Qd2 Rc8 12. Rac1 Ne5 13. b3 Qa5 14. Bb1 Bc6
15. Rfd1 O-O 16. Nd5 Qd8 17. Nxe7+ Qxe7 18. Bxf6 Qxf6 19. Qxd6 Rcd8 20. Qc7 Rc8
21. Qb6 Qg6 22. Nf4 Qg4 23. Qe3 g5 24. Nd3 Bxe4 25. Ne1 Bxb1 26. Rxb1 Qf5 27.
Nd3 Ng6 28. Rbc1 Rfd8 29. f3 Kg7 30. Nf2 h6 31. Ne4 Qe5 32. Qb6 Rxd1+ 33. Rxd1
Qc7 34. Qd4+ e5 35. Qd6 Qc6 36. Rd5 b6 37. g3 Rc7 38. Nf6 1-0

[Event "XV Konik Morski Rewala - Open B"]
[Site "Rewal"]
[Date "2010.08.21"]
[Round "3.25"]
[White "Karcz, Bartlomiej"]
[Black "Laszewski, Kazimierz"]
[Result "1-0"]
[WhiteElo "1988"]
[BlackElo "1769"]
[PlyCount "99"]
[EventDate "2010.??.??"]

1. e4 e5 2. Nf3 Nc6 3. Bb5 a6 4. Ba4 Nf6 5. O-O Be7 6. Qe2 b5 7. Bb3 d6 8. c3
Na5 9. Bc2 c5 10. d4 Qc7 11. Rd1 Bg4 12. dxc5 dxc5 13. Nbd2 O-O 14. Nf1 Rad8
15. Bg5 Nc4 16. Bd3 Bxf3 17. gxf3 Nb6 18. Rac1 Nh5 19. f4 Bxg5 20. fxg5 Nf4 21.
Qf3 Rd6 22. Kh1 Qe7 23. Ng3 Qxg5 24. Bc2 Rh6 25. b4 Rh3 26. bxc5 Nc4 27. Bd3
Qh6 28. Bf1 Rxh2+ 29. Kg1 g6 30. Rd7 Nh3+ 31. Bxh3 Rxh3 32. Rcd1 Qg5 33. c6 h5
34. c7 Nb6 35. Rd8 Rh4 36. R1d6 Rf4 37. Rxf8+ Kxf8 38. Rxb6 Rxf3 39. c8=Q+ Kg7
40. Rb8 Rxg3+ 41. fxg3 Qxg3+ 42. Kf1 Qf3+ 43. Ke1 Qxe4+ 44. Kd2 Qf4+ 45. Kc2
Qe4+ 46. Kb2 Kh6 47. Qxa6 Qe2+ 48. Ka3 Qd3 49. Qc6 e4 50. Qf6 1-0

[Event "XV Konik Morski Rewala - Open B"]
[Site "Rewal"]
[Date "2010.08.21"]
[Round "3.26"]
[White "Swiech, Piotr"]
[Black "Karwowski, Kacper"]
[Result "1-0"]
[WhiteElo "1943"]
[BlackElo "1761"]
[PlyCount "65"]
[EventDate "2010.??.??"]

1. d4 Nf6 2. c4 e6 3. Nc3 Bb4 4. Qc2 d5 5. a3 Bxc3+ 6. Qxc3 Ne4 7. Qc2 O-O 8.
Nf3 Nd7 9. Bf4 c6 10. e3 Ndf6 11. c5 b6 12. Ne5 Bd7 13. h4 bxc5 14. dxc5 Qe7
15. b4 Nh5 16. Bh2 f6 17. Nxd7 Qxd7 18. g4 a5 19. gxh5 f5 20. f3 Nf6 21. b5 d4
22. Bd6 Rfe8 23. exd4 Rac8 24. b6 e5 25. dxe5 Kh8 26. Bc4 Nd5 27. Bxd5 cxd5 28.
Qd3 Qc6 29. Rd1 d4 30. Kf2 Qd5 31. h6 g6 32. Qxd4 Qxd4+ 33. Rxd4 1-0

[Event "XV Konik Morski Rewala - Open B"]
[Site "Rewal"]
[Date "2010.08.21"]
[Round "3.27"]
[White "Murawko, Katarzyna"]
[Black "Miechowicz, Witold"]
[Result "0-1"]
[WhiteElo "1734"]
[BlackElo "1935"]
[PlyCount "80"]
[EventDate "2010.??.??"]

1. e4 e5 2. Nf3 Nf6 3. Bc4 Nxe4 4. Qe2 d5 5. Nxe5 dxc4 6. Qxe4 Be7 7. Qxc4 O-O
8. O-O Be6 9. Qb5 f6 10. Nd3 a6 11. Qh5 Bf7 12. Qg4 Nc6 13. Nc3 Nd4 14. Qd1 Bg6
15. Ne1 Bd6 16. d3 Re8 17. Be3 Nf5 18. Qd2 b6 19. Nf3 Bh5 20. Ne1 Nxe3 21. fxe3
Rxe3 22. Rf5 Bg6 23. Qxe3 Bxf5 24. Nf3 Qd7 25. Re1 Qf7 26. Nd2 Rd8 27. Qf3 Qg6
28. Nde4 Be5 29. Kh1 Bg4 30. Qf2 f5 31. Nd2 Bd4 32. Qh4 Bf6 33. Qg3 Qh6 34. Nf3
c5 35. h3 Bh5 36. Re6 Bxf3 37. gxf3 Qc1+ 38. Kh2 Qxb2 39. Nd5 Be5 40. Nf4 g5
0-1

[Event "XV Konik Morski Rewala - Open B"]
[Site "Rewal"]
[Date "2010.08.20"]
[Round "3.28"]
[White "Knap, Jerzy"]
[Black "Faron, Rafal"]
[Result "1/2-1/2"]
[WhiteElo "1931"]
[BlackElo "1760"]
[PlyCount "44"]
[EventDate "2010.??.??"]

1. d4 Nf6 2. c4 g6 3. Nc3 Bg7 4. e4 d6 5. Nf3 O-O 6. Be2 e5 7. O-O Nc6 8. d5
Ne7 9. Ne1 Ne8 10. Nd3 f5 11. f3 f4 12. c5 g5 13. Bd2 h5 14. cxd6 cxd6 15. Nf2
Nf6 16. h3 Bd7 17. Rc1 Qb6 18. Qb3 Qxb3 19. axb3 a6 20. Na4 Bxa4 21. bxa4 Rfc8
22. Rxc8+ Rxc8 1/2-1/2

[Event "XV Konik Morski Rewala - Open B"]
[Site "Rewal"]
[Date "2010.08.22"]
[Round "3.29"]
[White "Cwik, Jacek"]
[Black "Ostrowska, Dominika"]
[Result "0-1"]
[WhiteElo "1701"]
[BlackElo "1930"]
[PlyCount "90"]
[EventDate "2010.??.??"]

1. e4 c5 2. Nc3 Nc6 3. f4 g6 4. Nf3 Bg7 5. Bc4 e6 6. O-O Nge7 7. d3 O-O 8. Qe1
d5 9. Bb3 Na5 10. f5 Nxb3 11. axb3 exf5 12. Qh4 d4 13. Ne2 Nc6 14. Bg5 Qd6 15.
Bh6 Bxh6 16. Qxh6 Qf6 17. Ng3 Ne7 18. Nh5 Qh8 19. Qg5 f6 20. Qg3 fxe4 21. dxe4
f5 22. Qg5 Rf7 23. e5 h6 24. Qg3 Kf8 25. Nf4 Qg7 26. e6 Rf6 27. Rfe1 Qg8 28.
Nd5 Nxd5 29. Qd6+ Kg7 30. Qxd5 Bxe6 31. Qxc5 Rc8 32. Qxd4 Rxc2 33. Rxa7 Qc8 34.
Qb6 Rc7 35. Nd4 Bf7 36. Qb4 Rc1 37. Ra1 Rxa1 38. Rxa1 Qd7 39. Qc3 Bd5 40. Ra8
f4 41. Rc8 Bc6 42. Ra8 Qg4 43. Nxc6 f3 44. Qd2 f2+ 45. Kf1 Qxg2+ 0-1

[Event "XV Konik Morski Rewala - Open B"]
[Site "Rewal"]
[Date "2010.08.21"]
[Round "3.30"]
[White "Najdzionek, Boleslaw"]
[Black "Bieniek, Kazimierz"]
[Result "1-0"]
[WhiteElo "1924"]
[BlackElo "1696"]
[PlyCount "59"]
[EventDate "2010.??.??"]

1. d4 d5 2. c4 c6 3. e3 Nf6 4. Nc3 e6 5. Nf3 Nbd7 6. Bd3 dxc4 7. Bxc4 b5 8. Bd3
a6 9. O-O c5 10. b3 cxd4 11. exd4 Bb7 12. Bb2 Nd5 13. Nxd5 Bxd5 14. Qe2 Be7 15.
Rfd1 O-O 16. Rac1 Rc8 17. Bb1 Qb6 18. Qd3 Nf6 19. Ne5 Be4 20. Qe2 Qb7 21. Bxe4
Nxe4 22. Qf3 Nd6 23. Nc6 Qd7 24. d5 Bg5 25. Rc2 Nf5 26. g3 Ne7 27. h4 Bh6 28.
Ba3 Rfe8 29. Nxe7+ Rxe7 30. Rxc8+ 1-0

[Event "XV Konik Morski Rewala - Open B"]
[Site "Rewal"]
[Date "2010.08.21"]
[Round "3.31"]
[White "Szydlowski, Kazimierz"]
[Black "Gotin, Evgeniy"]
[Result "1-0"]
[WhiteElo "1906"]
[BlackElo "1696"]
[PlyCount "111"]
[EventDate "2010.??.??"]

1. e4 c5 2. Nf3 g6 3. d4 cxd4 4. Nxd4 Bg7 5. Be3 Nc6 6. c4 d6 7. Be2 Nf6 8. Nc3
O-O 9. O-O Bd7 10. Qd2 Rc8 11. f3 a6 12. Rfd1 Ne5 13. b3 Nc6 14. Rac1 Ne8 15.
Nd5 Nf6 16. Nxc6 Bxc6 17. Nb6 Rb8 18. Bf1 Nd7 19. Qf2 Nxb6 20. Bxb6 Qc8 21. c5
dxc5 22. Rxc5 Qe8 23. a4 Rc8 24. Rc2 Bd7 25. Bc4 Rc6 26. Rcd2 Rd6 27. Rxd6 exd6
28. Rxd6 Bc6 29. Bc5 Qc8 30. Rd1 Rd8 31. Rxd8+ Qxd8 32. g3 Qd1+ 33. Kg2 b5 34.
axb5 axb5 35. Qe2 Qxe2+ 36. Bxe2 f6 37. Kf2 Kf7 38. Ke3 Ke6 39. f4 Bd7 40. Kd4
Bc6 41. Bb4 f5+ 42. e5 Kd7 43. Bd6 Ke6 44. Kc5 Bd5 45. b4 g5 46. fxg5 Bxe5 47.
Bxe5 Kxe5 48. Bxb5 Bb7 49. Bc6 Bc8 50. b5 Ke6 51. Bf3 Kf7 52. Kd6 Kg6 53. h4 h6
54. gxh6 Kxh6 55. Bd5 Kg6 56. Kc7 1-0

[Event "XV Konik Morski Rewala - Open B"]
[Site "Rewal"]
[Date "2010.08.21"]
[Round "3.32"]
[White "Kardasz, Wladyslaw"]
[Black "Sowa, Martyna"]
[Result "1-0"]
[WhiteElo "1874"]
[BlackElo "1695"]
[PlyCount "85"]
[EventDate "2010.??.??"]

1. e4 c5 2. Nf3 e6 3. c4 Qc7 4. Nc3 a6 5. d4 cxd4 6. Nxd4 Nc6 7. Be3 Nf6 8.
Nxc6 dxc6 9. Be2 e5 10. O-O Bb4 11. f3 O-O 12. Na4 b5 13. Nb6 Rb8 14. c5 Nd7
15. Nxd7 Qxd7 16. Qc2 Qe7 17. Rfd1 Ba5 18. a4 b4 19. b3 Bc7 20. Bc4 a5 21. Rd3
h6 22. Rad1 Ra8 23. R1d2 Qf6 24. Qd1 Kh8 25. Qe1 Qe7 26. g4 Kh7 27. Qg3 Rh8 28.
Qh3 Kg8 29. Qh5 Qf6 30. Bxf7+ Qxf7 31. Rd8+ Bxd8 32. Rxd8+ Qf8 33. Rxf8+ Kxf8
34. Qxe5 Ba6 35. Qd6+ Kf7 36. Qd7+ Kg8 37. Bd4 Rh7 38. Qxc6 Rd8 39. Qe6+ Kf8
40. Be5 Rd1+ 41. Kg2 Bf1+ 42. Kf2 g5 43. c6 1-0

[Event "XV Konik Morski Rewala - Open B"]
[Site "Rewal"]
[Date "2010.08.21"]
[Round "3.33"]
[White "Krzysztofiak, Zdzislaw"]
[Black "Cyra, Dariusz"]
[Result "0-1"]
[WhiteElo "1664"]
[BlackElo "1874"]
[PlyCount "90"]
[EventDate "2010.??.??"]

1. e4 d6 2. d4 Nf6 3. Nc3 g6 4. Bc4 Bg7 5. Nf3 O-O 6. O-O Nxe4 7. Nxe4 d5 8.
Bd3 dxe4 9. Bxe4 c5 10. dxc5 Qc7 11. c3 Nd7 12. c6 bxc6 13. Qa4 Bb7 14. Be3 Nf6
15. Bc2 c5 16. Bf4 Qb6 17. Ne5 Rfd8 18. Bb3 e6 19. Rad1 Ba6 20. Bc4 Bb7 21. Qb5
Qxb5 22. Bxb5 Nh5 23. Nd3 Rxd3 24. Rxd3 Nxf4 25. Rd7 Bxg2 26. Rfd1 Bd5 27. c4
a6 28. Bxa6 Rxa6 29. Rd8+ Bf8 30. cxd5 exd5 31. a3 d4 32. f3 Kg7 33. Re1 Ne6
34. Rd7 Kf6 35. Kf2 c4 36. Rc1 Rc6 37. a4 Bh6 38. Ra1 Be3+ 39. Ke2 Nf4+ 40. Kd1
Nd3 41. a5 Nc5 42. Rd8 d3 43. b4 c3 44. bxc5 c2+ 45. Ke1 Rxc5 0-1

[Event "XV Konik Morski Rewala - Open B"]
[Site "Rewal"]
[Date "2010.08.21"]
[Round "3.34"]
[White "Kowalski, Maciej"]
[Black "Statucki, Maciej"]
[Result "0-1"]
[WhiteElo "1649"]
[BlackElo "1832"]
[PlyCount "70"]
[EventDate "2010.??.??"]

1. f4 d5 2. Nf3 c5 3. e3 Nf6 4. b3 e6 5. Bb2 Be7 6. Bb5+ Bd7 7. Bxd7+ Nbxd7 8.
O-O O-O 9. d3 b5 10. Nbd2 Rb8 11. Rb1 Qa5 12. a3 Rfc8 13. Ne5 c4 14. dxc4 Bc5
15. Rf3 Qb6 16. Qe2 bxc4 17. b4 Be7 18. Nxd7 Nxd7 19. Bd4 Qa6 20. Rg3 Bf6 21.
Qg4 g6 22. Bxf6 Nxf6 23. Qh4 c3 24. Nf1 Kg7 25. Rh3 h5 26. g4 Rh8 27. g5 Ne4
28. Rb3 Qe2 29. f5 gxf5 30. Qf4 Qxc2 31. Ng3 Qd1+ 32. Kg2 Qg4 33. Qe5+ Kg6 34.
Rxc3 h4 35. Rc2 Nxg5 0-1

[Event "XV Konik Morski Rewala - Open B"]
[Site "Rewal"]
[Date "2010.08.21"]
[Round "3.35"]
[White "Szmer, Aleksander"]
[Black "Galaszewski, Patryk"]
[Result "0-1"]
[WhiteElo "1574"]
[BlackElo "1829"]
[PlyCount "120"]
[EventDate "2010.??.??"]

1. e4 d6 2. d4 Nf6 3. Nc3 g6 4. f3 Bg7 5. Be3 c6 6. Qd2 b5 7. O-O-O Qa5 8. Kb1
Nbd7 9. h4 h5 10. Nh3 Nb6 11. e5 Nfd5 12. Nxd5 Qxd2 13. Nc7+ Kd7 14. Rxd2 Kxc7
15. Ng5 f6 16. exd6+ exd6 17. Ne4 f5 18. Ng5 Re8 19. Bf2 Nd5 20. c4 bxc4 21.
Bxc4 Kd7 22. Bxd5 cxd5 23. Rc1 Ba6 24. Rc3 Rac8 25. Rxc8 Rxc8 26. Nh3 Bh6 27.
Ng5 Bg7 28. Nh3 Bf1 29. Nf4 Bh6 30. Bg3 Bb5 31. Rc2 Bxf4 32. Rxc8 Bd3+ 33. Ka1
Bxg3 34. Rg8 Bxh4 35. Rxg6 a6 36. g3 Bd8 37. g4 hxg4 38. fxg4 f4 39. Rg7+ Ke6
40. Rg8 Be7 41. Rh8 f3 42. Rh6+ Kd7 43. Rh2 Bg5 44. b3 Be3 45. Kb2 Bxd4+ 46.
Kc1 f2 47. Rxf2 Bxf2 48. Kd2 Bb1 49. a3 d4 50. g5 Be3+ 51. Kd1 Bxg5 52. Ke2 d3+
53. Kd1 Bc2+ 54. Ke1 d2+ 55. Kf2 d1=Q 56. Kg3 Bf5 57. Kg2 Qe2+ 58. Kg3 Qe3+ 59.
Kg2 Be4+ 60. Kf1 Qd2 0-1

[Event "XV Konik Morski Rewala - Open B"]
[Site "Rewal"]
[Date "2010.08.21"]
[Round "3.37"]
[White "Jasniewicz, Rafal"]
[Black "Dziodzio, Angelika"]
[Result "0-1"]
[WhiteElo "1588"]
[BlackElo "1820"]
[PlyCount "58"]
[EventDate "2010.??.??"]

1. Nf3 c5 2. c4 Nc6 3. g3 e5 4. d3 g6 5. Nc3 Bg7 6. Bg2 Nge7 7. Ne4 d6 8. Bg5
h6 9. Bf6 O-O 10. h4 Bxf6 11. Nxf6+ Kg7 12. Ne4 f5 13. Nc3 f4 14. Qd2 Rb8 15.
e3 fxe3 16. fxe3 a6 17. e4 b5 18. h5 g5 19. cxb5 axb5 20. O-O-O b4 21. Ne2 Nd4
22. Nexd4 cxd4 23. Rdf1 b3 24. axb3 Nc6 25. Kd1 Bg4 26. Ke2 Rxb3 27. Kf2 Qb6
28. Kg1 Rxb2 29. Qc1 Bxf3 0-1

[Event "XV Konik Morski Rewala - Open B"]
[Site "Rewal"]
[Date "2010.08.21"]
[Round "3.38"]
[White "Dzierzak, Radoslaw"]
[Black "Stankowski, Aleksander"]
[Result "1-0"]
[WhiteElo "1608"]
[BlackElo "1804"]
[PlyCount "120"]
[EventDate "2010.??.??"]

1. e4 Nf6 2. e5 Nd5 3. d4 d6 4. c4 Nb6 5. f4 dxe5 6. fxe5 Bf5 7. Nf3 e6 8. Be2
Nc6 9. a3 Bg4 10. Be3 Bxf3 11. gxf3 Qh4+ 12. Bf2 Qf4 13. Qd2 Qxd2+ 14. Nxd2 Rd8
15. Nb3 a5 16. c5 Nc8 17. Bb5 N8a7 18. Ba4 b6 19. cxb6 cxb6 20. Rc1 b5 21. Bxb5
Nxb5 22. Rxc6 a4 23. Rb6 Nxa3 24. bxa3 axb3 25. Rxb3 Be7 26. Ke2 O-O 27. Ra1
Ra8 28. a4 g6 29. a5 Rfc8 30. Kd3 Rc6 31. Be1 Bd8 32. a6 Kg7 33. Rba3 Bb6 34.
Bb4 Ba7 35. Rc3 Rb6 36. Bc5 Rb2 37. h4 h5 38. Kc4 Bxc5 39. dxc5 Kf8 40. c6 Ke7
41. a7 Kd8 42. Rb3 Rc2+ 43. Kb5 Kc7 44. Ra6 Rc1 45. Rd3 Rb1+ 46. Kc4 Rc1+ 47.
Rc3 Rxc3+ 48. Kxc3 g5 49. Kd2 gxh4 50. Ke2 Kd8 51. Kf2 Ke7 52. Kg2 Ke8 53. Kh3
Ke7 54. Kxh4 Ke8 55. Kxh5 Ke7 56. Kg5 Rg8+ 57. Kf4 Ra8 58. Ke4 Kd8 59. Kd4 Kc8
60. Kc4 Kc7 1-0

[Event "XV Konik Morski Rewala - Open B"]
[Site "Rewal"]
[Date "2010.08.21"]
[Round "3.39"]
[White "Polok, Robert"]
[Black "Janik, Lidia"]
[Result "1-0"]
[WhiteElo "1795"]
[BlackElo "1608"]
[PlyCount "49"]
[EventDate "2010.??.??"]

1. e4 c5 2. Nc3 Nc6 3. f4 d6 4. Bc4 g6 5. Nf3 Bg7 6. d3 e6 7. O-O Nge7 8. Qe1
O-O 9. f5 exf5 10. Qh4 h5 11. Bg5 Qc7 12. Nb5 Qd7 13. Bf6 a6 14. Nc3 b5 15. Bb3
Rb8 16. Bd5 Nxd5 17. Nxd5 fxe4 18. Bxg7 Kxg7 19. Qf6+ Kg8 20. Ng5 exd3 21. Rae1
Rb7 22. Ne6 Qxe6 23. Rxe6 Bxe6 24. Nf4 Bxa2 25. Nxg6 1-0

[Event "XV Konik Morski Rewala - Open B"]
[Site "Rewal"]
[Date "2010.08.21"]
[Round "3.40"]
[White "Mackiewicz, Piotr"]
[Black "Kopica, Paulina"]
[Result "1-0"]
[WhiteElo "1764"]
[BlackElo "1567"]
[PlyCount "69"]
[EventDate "2010.??.??"]

1. d4 d5 2. c4 e6 3. Nf3 Nf6 4. Nc3 Nbd7 5. Bg5 Be7 6. e3 c6 7. Qc2 O-O 8. Bd3
dxc4 9. Bxc4 Nd5 10. Bxe7 Qxe7 11. O-O Nxc3 12. bxc3 e5 13. Rab1 e4 14. Nd2 Nf6
15. Rb2 Rd8 16. Rfb1 b6 17. Be2 Bf5 18. a4 Rd6 19. Nc4 Re6 20. Ne5 Nd5 21. a5
b5 22. c4 bxc4 23. Rb7 Qh4 24. Bxc4 Rh6 25. Rb8+ Bc8 26. Rxa8 Qxh2+ 27. Kf1 Ne7
28. Rbb8 Qh1+ 29. Ke2 Qh5+ 30. Kd2 Qf5 31. Ke2 Qh5+ 32. g4 Qg5 33. Rxc8+ Nxc8
34. Rxc8+ Qd8 35. Rxd8# 1-0

[Event "XV Konik Morski Rewala - Open B"]
[Site "Rewal"]
[Date "2010.08.21"]
[Round "3.41"]
[White "Wojna, Natalia"]
[Black "Biszof, Henryk"]
[Result "1/2-1/2"]
[WhiteElo "1527"]
[BlackElo "1739"]
[PlyCount "76"]
[EventDate "2010.??.??"]

1. e4 c5 2. Nf3 d6 3. d4 cxd4 4. Nxd4 Nf6 5. Nc3 a6 6. Bg5 e5 7. Bxf6 Qxf6 8.
Nd5 Qd8 9. Ne2 Be6 10. Nec3 Be7 11. Bc4 O-O 12. Nxe7+ Qxe7 13. Bxe6 Qxe6 14.
Nd5 Qh6 15. Ne7+ Kh8 16. Nf5 Qg5 17. Qxd6 Rd8 18. Qxe5 Nc6 19. Qg3 Qd2+ 20. Kf1
g6 21. Ne3 Qb4 22. Qc7 Qb5+ 23. Ke1 Qxb2 24. Rd1 Qb4+ 25. Ke2 Qxe4 26. Rxd8+
Rxd8 27. Rd1 Rxd1 28. Kxd1 Ne5 29. Qe7 Kg7 30. Ke2 b5 31. Qd6 Nc4 32. Qd5 Qe7
33. Qd4+ Kg8 34. Qc3 Qe6 35. Qb3 Qe5 36. h3 Qh5+ 37. Ke1 Qe5 38. Ke2 Qh5+
1/2-1/2

[Event "XV Konik Morski Rewala - Open B"]
[Site "Rewal"]
[Date "2010.08.21"]
[Round "3.44"]
[White "Majdecki, Robert"]
[Black "Rabeda, Grzegorz"]
[Result "1/2-1/2"]
[WhiteElo "1717"]
[BlackElo "1520"]
[PlyCount "46"]
[EventDate "2010.??.??"]

1. d4 d5 2. c4 e6 3. Nf3 Nf6 4. Nc3 c6 5. e3 Be7 6. Be2 dxc4 7. Bxc4 b5 8. Bd3
a6 9. a3 c5 10. dxc5 Bxc5 11. b4 Be7 12. Bb2 Bb7 13. Be2 O-O 14. O-O Nc6 15.
Rc1 Qb6 16. Qc2 Rac8 17. Qb1 Ng4 18. h3 Nge5 19. Rfd1 Rfd8 20. Ne4 Rxd1+ 21.
Rxd1 Nxf3+ 22. Bxf3 Rd8 23. Rxd8+ Qxd8 1/2-1/2

[Event "XV Konik Morski Rewala - Open B"]
[Site "Rewal"]
[Date "2010.08.21"]
[Round "3.45"]
[White "Kwasniewski, Pawel"]
[Black "Skiba, Marta"]
[Result "1/2-1/2"]
[WhiteElo "1478"]
[BlackElo "1691"]
[PlyCount "43"]
[EventDate "2010.??.??"]

1. d4 Nf6 2. Nf3 d6 3. Bg5 Nbd7 4. Nbd2 g6 5. e3 Bg7 6. Be2 O-O 7. O-O c5 8. c3
Re8 9. Qc2 cxd4 10. cxd4 Nf8 11. Rac1 Bd7 12. Qb3 b6 13. Rc3 h6 14. Bxf6 Bxf6
15. Rfc1 Ne6 16. Bb5 a6 17. Bxd7 Qxd7 18. Rc6 b5 19. Qc2 Nc5 20. Rb6 Na4 21.
Rc6 Nc5 22. Rb6 1/2-1/2

[Event "XV Konik Morski Rewala - Open B"]
[Site "Rewal"]
[Date "2010.08.21"]
[Round "3.46"]
[White "Mirski, Roman (j)"]
[Black "Hagner, Pawel"]
[Result "1-0"]
[WhiteElo "1568"]
[BlackElo "1901"]
[PlyCount "147"]
[EventDate "2010.??.??"]

1. d4 Nf6 2. c4 g6 3. Nf3 Bg7 4. Nc3 O-O 5. e3 d6 6. Bd3 Nbd7 7. O-O e5 8. dxe5
dxe5 9. Qc2 Qe7 10. e4 Nc5 11. Nd5 Nxd5 12. cxd5 Nxd3 13. Qxd3 Rd8 14. h3 c6
15. Qb3 cxd5 16. exd5 b6 17. Bg5 f6 18. Be3 Bb7 19. d6+ Qf7 20. Qxf7+ Kxf7 21.
Rac1 Rac8 22. Rc7+ Rxc7 23. dxc7 Rc8 24. Rc1 Bxf3 25. gxf3 Ke7 26. a4 Kd7 27.
Rd1+ Kxc7 28. a5 bxa5 29. Bxa7 Kb7 30. Be3 f5 31. Rd5 a4 32. Ra5 Ra8 33. Rd5
Kc6 34. Rc5+ Kd6 35. Rb5 f4 36. Bd2 Kc6 37. Rb4 Bf8 38. Rc4+ Kd7 39. Bc3 Bd6
40. Bb4 Ra6 41. Kf1 Rc6 42. Re4 Ra6 43. Ke2 h5 44. Bc3 Ke6 45. Rc4 Kd5 46. Rc8
a3 47. bxa3 Rxa3 48. Kf1 Ra6 49. Rg8 Bc5 50. Rd8+ Rd6 51. Re8 Bd4 52. Bb4 Rb6
53. Rd8+ Kc4 54. Be7 Rb2 55. Bh4 Kd3 56. Rg8 Rb6 57. Ra8 e4 58. Ra3+ Bc3 59.
fxe4 f3 60. Kg1 Rb1+ 61. Kh2 Kc4 62. Kg3 Be5+ 63. Kxf3 Rb3+ 64. Rxb3 Kxb3 65.
Ke3 Kc4 66. f4 Bg7 67. f5 gxf5 68. exf5 Kd5 69. Kf4 Kd6 70. Kg5 Ke5 71. Kg6 Bh8
72. f6 Bxf6 73. Bxf6+ Kf4 74. Kxh5 1-0

[Event "XV Konik Morski Rewala - Open B"]
[Site "Rewal"]
[Date "2010.08.21"]
[Round "3.47"]
[White "Strek, Jaroslaw"]
[Black "Botor, Michalina"]
[Result "0-1"]
[WhiteElo "1568"]
[BlackElo "1785"]
[PlyCount "104"]
[EventDate "2010.??.??"]

1. d4 d5 2. c4 c6 3. Nf3 Nf6 4. Nc3 Bf5 5. e3 e6 6. a3 Nbd7 7. b4 Ne4 8. Bb2
Ndf6 9. Bd3 dxc4 10. Bxc4 Nd5 11. Nxd5 exd5 12. Bd3 Qf6 13. Qc2 Nd6 14. O-O
Bxd3 15. Qxd3 h5 16. Rfe1 Ne4 17. Re2 Bd6 18. Nd2 Nxd2 19. Qxd2 O-O 20. e4 Bf4
21. e5 Qh4 22. g3 Bxd2 23. gxh4 Bf4 24. Kg2 Rfe8 25. Kf3 Bh6 26. Bc1 Kh7 27.
Bxh6 Kxh6 28. Rg1 Re6 29. Kf4 Rae8 30. Re3 Rg6 31. Rg5 Rxg5 32. hxg5+ Kh7 33.
Kf5 Re6 34. h4 g6+ 35. Kf4 Kg7 36. Kg3 Re8 37. Rf3 Ra8 38. Rf6 a5 39. b5 cxb5
40. Rb6 Rc8 41. Rxb7 Rc3+ 42. f3 Kf8 43. Rxb5 Rxa3 44. Rxd5 Rd3 45. Rd6 a4 46.
d5 a3 47. Rd8+ Ke7 48. d6+ Kxd8 49. Kf4 a2 50. Ke4 Rd1 51. f4 a1=Q 52. f5 Qd4+
0-1